Country Names with letters of long African Country Names - Statistics

General Stats
  • This quiz has been taken 68 times
  • The average score is 18 of 36
Answer Stats
answer % Correct
Guinea
86%
Iran
71%
Iran
71%
Iran
71%
Peru
71%
Oman
68%
Tonga
66%
France
64%
Iraq
64%
India
63%
Benin
59%
Niger
59%
Qatar
59%
Nigeria
57%
Samoa
57%
Spain
55%
Algeria
54%
Palau
54%
Nauru
50%
Albania
48%
Cuba
48%
Nepal
45%
Angola
41%
Indonesia
41%
Monaco
41%
Brunei
36%
Eritrea
36%
Estonia
36%
Armenia
32%
Liberia
30%
Croatia
29%
Romania
29%
Dominica
27%
San Marino
27%
Cameroon
25%
Macedonia
9%
No matching quizzes found
Score Distribution
Percent of People with Each Score
Percentile by Number Answered
Your Score History
You have not taken this quiz